LIBRARY & INFORMATION CENTRE, KCAET, TAVANUR

ONLINE PUBLIC ACCESS CATALOGUE (OPAC)

Feasibility study on electric power production by the helio - aero - gravity effect (Record no. 15265)

MARC details
000 -LEADER
fixed length control field 00736nam a22001937a 4500
003 - CONTROL NUMBER IDENTIFIER
control field OSt
088 ## - REPORT NUMBER
Report number P 23
100 ## - MAIN ENTRY--AUTHOR NAME
Personal name GANESH B
245 ## - TITLE STATEMENT
Title Feasibility study on electric power production by the helio - aero - gravity effect
260 ## - PUBLICATION, DISTRIBUTION, ETC. (IMPRINT)
Place of publication Tavanur 1993
Name of publisher Department of Farm Power Machinery and Energy
300 ## - PHYSICAL DESCRIPTION
Number of Pages 107
500 ## - GENERAL NOTE
General note Feasibility study on electric power production by the helio - aero - gravity effect
520 ## - SUMMARY, ETC.
Summary, etc Feasibility study on electric power production by the helio - aero - gravity effect
700 ## - ADDED ENTRY--PERSONAL NAME
Personal name Jeeja C. K
700 ## - ADDED ENTRY--PERSONAL NAME
Personal name Er. Sathyajith Mathew (Guide)
856 ## - ELECTRONIC LOCATION AND ACCESS
Uniform Resource Identifier https://drive.google.com/open?id=1sI3Rh3bDeH0J3sDs4esE6y2altOQmIJR
942 ## - ADDED ENTRY ELEMENTS (KOHA)
Koha item type Project Report
Holdings
Collection code Home library Current library Shelving location Full call number Accession Number Koha item type
Reference KAUAET KAUAET Reference 631.3 GAN/FE P 23 Project Report
free website counter